Torschützenliste der Premier League 2017-2018 - Statistiken

Allgemein
  • Dieses Quiz wurde 59 mal gespielt
  • Das Durchschnittsergebnis liegt bei 11 aus 13
Antwortstatistiken
Tore Nationalität Verein Spieler % Korrekt
30 England Tottenham Hotspur Harry Kane
100%
32 Ägypten FC Liverpool Mohamed Salah
100%
12 Südkorea Tottenham Hotspur Son Heung-min
100%
20 England Leicester City Jamie Vardy
96%
21 Argentinin Manchester City Sergio Agüero
96%
12 Algerien Leicester City Riyad Mahrez
94%
15 Brasilien FC Liverpool Roberto Firmino
94%
16 Belgien Manchester United Romelu Lukaku
94%
12 Belgien FC Chelsea Eden Hazard
87%
18 England Manchester City Raheem Sterling
87%
13 Brasilien Manchester City Gabriel Jesus
79%
14 Frankreich FC Arsenal Alexandre Lacazette
73%
12 England Brighton & Hove Albion Glenn Murray
12%
Keine übereinstimmenden Quizze gefunden
Verteilung der Resultate
Anzahl Personen mit jedem Resultat
Perzentil nach korrekt beantworteten Fragen
Ihre Resultats-Entwicklung
Sie haben dieses Quiz noch nicht gespielt